| 000 | 00423nam a22001217a 4500 | ||
|---|---|---|---|
| 005 | 20260629112401.0 | ||
| 100 |
_aAli Jan _a19-MSM-03 _aSupervisor - Dr. Kamran Nazir Memon _91015 |
||
| 245 | _aTank Drainage Flow of Viscous Fluid Through Circular Pipe with Uniform Reabsorption (Thesis MS) | ||
| 260 |
_aNawabshah _bQUEST _c2025 |
||
| 300 | _a83p. | ||
| 700 |
_aDepartment of Mathematics and Statistics _91014 |
||
| 942 | _cTHESIS | ||
| 999 |
_c69074 _d69071 |
||